000 00599nam a2200181Ia 4500
008 151202s9999||||xx |||||||||||||| ||und||
082 _bPNVM-42299
100 _aसाने गुरुजी.
245 _aस्त्री जीवन.
260 _b"इंद्रायणी साहित्य प्रकाशन,पुणे."
260 _c1998
300 _a278
600 _aसाने गुरुजी.
630 _aस्त्री जीवन.
700 _aसाने गुरुजी.
730 _aस्त्री जीवन.
942 _cBOOK
999 _c1308251
_d1308248